| 000 | 00972nam a2200265 u 4500 | ||
|---|---|---|---|
| 001 | 000025082 | ||
| 005 | 20200930023543.0 | ||
| 008 | 110209s1977 mx r 000 0 spa d | ||
| 040 |
_aDO-SdBNP _bspa _cBNPHU |
||
| 041 | 1 | 7 |
_aspa _hfre _2Código de idiomas MARC |
| 082 |
_ann* _bnn* |
||
| 100 | 1 |
_aDuvidnaud, Jean. _951469 |
|
| 240 | 1 | 3 |
_aLe lengage perdu. _lEspañol |
| 245 | 1 | 3 |
_aEl lenguaje perdido : _bensayo sobre la diferencia antropológica / _cJean Duvignaud ; traducción de Hugo Azcurra. |
| 260 |
_aMéxico, D. F. : _bSiglo Veintiuno, _c1977. |
||
| 300 |
_a248 p. ; _c21 cm. |
||
| 490 | 1 | _aAntropología | |
| 534 |
_aTítulo original : _tLe lengage perdu |
||
| 504 | _aBibliografía : [247]-248 p. | ||
| 500 | _aIncluye notas y referencias bibliográficas al pie de las páginas. | ||
| 500 | _aInclye referencias bibliográficas y notas al pie de las páginas. | ||
| 700 | 1 |
_aAzcurra, Hugo, _etr. _951470 |
|
| 830 | 0 |
_aAntropología _918556 |
|
| 049 | _aBNGR | ||
| 999 |
_c24575 _d24575 |
||